<?xml version="1.0" encoding="UTF-8"?>
<record
    xmlns:xsi="http://www.w3.org/2001/XMLSchema-instance"
    xsi:schemaLocation="http://www.loc.gov/MARC21/slim http://www.loc.gov/standards/marcxml/schema/MARC21slim.xsd"
    xmlns="http://www.loc.gov/MARC21/slim">

  <leader>01291nam a2200289 a 4500</leader>
  <controlfield tag="001">45828</controlfield>
  <controlfield tag="003">BD-RjUL</controlfield>
  <controlfield tag="005">20211209054055.0</controlfield>
  <controlfield tag="008">160728s1960    th ab    b   i100 0 eng d</controlfield>
  <datafield tag="035" ind1=" " ind2=" ">
    <subfield code="a">(BD-RjUL)45946</subfield>
  </datafield>
  <datafield tag="040" ind1=" " ind2=" ">
    <subfield code="a">COM</subfield>
    <subfield code="c">COM</subfield>
    <subfield code="d">OCL</subfield>
    <subfield code="d">MYG</subfield>
    <subfield code="d">BD-RjUL</subfield>
    <subfield code="b">eng</subfield>
  </datafield>
  <datafield tag="041" ind1=" " ind2=" ">
    <subfield code="a">eng</subfield>
  </datafield>
  <datafield tag="082" ind1=" " ind2=" ">
    <subfield code="2">23</subfield>
    <subfield code="a">333.91</subfield>
    <subfield code="b">PRO 1960</subfield>
  </datafield>
  <datafield tag="111" ind1="2" ind2=" ">
    <subfield code="a">Seminar on Aerial Survey Methods and Equipment</subfield>
    <subfield code="d">(1960 :</subfield>
    <subfield code="c">Bangkok, Thailand)</subfield>
    <subfield code="9">140159</subfield>
  </datafield>
  <datafield tag="245" ind1="1" ind2="0">
    <subfield code="a">Proceedings of the United Nations seminar on aerial survey methods and equipment :</subfield>
    <subfield code="b">(Held at Bangkok, 4 January to 5 February 1960) /</subfield>
    <subfield code="c">United Nations. Economic Commission for Asia and the Far East.</subfield>
  </datafield>
  <datafield tag="246" ind1="3" ind2=" ">
    <subfield code="a">Aerial survey methods and equipment</subfield>
  </datafield>
  <datafield tag="260" ind1=" " ind2=" ">
    <subfield code="a">Bangkok, Thailand :</subfield>
    <subfield code="b">The Commission,</subfield>
    <subfield code="c">1960.</subfield>
  </datafield>
  <datafield tag="300" ind1=" " ind2=" ">
    <subfield code="a">various pagings :</subfield>
    <subfield code="b">ill. ;</subfield>
    <subfield code="c">28 cm.</subfield>
  </datafield>
  <datafield tag="490" ind1="1" ind2=" ">
    <subfield code="a">Mineral resources development series ;</subfield>
    <subfield code="v">no. 12</subfield>
  </datafield>
  <datafield tag="500" ind1=" " ind2=" ">
    <subfield code="a">"United Nations publications. Sales no.: 60.II.F.5"</subfield>
  </datafield>
  <datafield tag="504" ind1=" " ind2=" ">
    <subfield code="a">Includes bibliographical references.</subfield>
  </datafield>
  <datafield tag="650" ind1=" " ind2=" ">
    <subfield code="a">Water resources development </subfield>
    <subfield code="z"> Esat Asia</subfield>
    <subfield code="9">138899</subfield>
  </datafield>
  <datafield tag="710" ind1="2" ind2=" ">
    <subfield code="a">United Nations.</subfield>
    <subfield code="b">Economic Commission for Asia and the Far East.</subfield>
    <subfield code="9">140160</subfield>
  </datafield>
  <datafield tag="830" ind1=" " ind2="0">
    <subfield code="a">Mineral resources development series ;</subfield>
    <subfield code="v">no. 12.</subfield>
    <subfield code="9">138324</subfield>
  </datafield>
  <datafield tag="942" ind1=" " ind2=" ">
    <subfield code="2">ddc</subfield>
    <subfield code="c">BK</subfield>
  </datafield>
  <datafield tag="949" ind1=" " ind2="0">
    <subfield code="a">x</subfield>
    <subfield code="b">LSA</subfield>
    <subfield code="c">OCC</subfield>
    <subfield code="o">0</subfield>
    <subfield code="p">39080031618702</subfield>
    <subfield code="x">15</subfield>
    <subfield code="h">TN1.A1.U58 no. 12</subfield>
  </datafield>
  <datafield tag="999" ind1=" " ind2=" ">
    <subfield code="c">45828</subfield>
    <subfield code="d">45828</subfield>
  </datafield>
  <datafield tag="952" ind1=" " ind2=" ">
    <subfield code="0">0</subfield>
    <subfield code="1">0</subfield>
    <subfield code="2">ddc</subfield>
    <subfield code="4">0</subfield>
    <subfield code="7">0</subfield>
    <subfield code="8">NFIC</subfield>
    <subfield code="a">RUCL</subfield>
    <subfield code="b">RUCL</subfield>
    <subfield code="c">Stack</subfield>
    <subfield code="d">1970-11-12</subfield>
    <subfield code="e">Zeitlinger</subfield>
    <subfield code="g">28.60</subfield>
    <subfield code="l">0</subfield>
    <subfield code="o">333.91 PRO 1960</subfield>
    <subfield code="r">2016-07-28 00:00:00</subfield>
    <subfield code="t">C-2</subfield>
    <subfield code="w">2016-07-28</subfield>
    <subfield code="y">BK</subfield>
  </datafield>
</record>
